[Event "36. Copenhagen Open (Politiken Cup)"]
[Site "Elsinore"]
[Date "2014.07.27"]
[Round "8"]
[White "Paulsson, Anders"]
[Black "Myhre, Mads Wollan"]
[Result "1-0"]
[WhiteElo "1788"]
[BlackElo "1509"]
[PlyCount "91"]
[EventDate "2014.07.21"]
[EventType "swiss"]
[EventRounds "10"]
[EventCountry "DEN"]
[Source "ChessBase"]
[SourceDate "2014.08.29"]

1. e4 d6 2. d4 Nf6 3. Nc3 g6 4. Bg5 Bg7 5. Qd2 c6 6. Bc4 O-O 7. Bh6 Nxe4 8.
Nxe4 d5 9. Bxg7 Kxg7 10. Bb3 dxe4 11. O-O-O a5 12. a3 b5 13. f3 exf3 14. Nxf3
Qb6 15. Rde1 e6 16. h4 b4 17. h5 Ra7 18. hxg6 fxg6 19. Ng5 Kg8 20. Nxe6 Bxe6
21. Bxe6+ Kh8 22. Qh6 Rg7 23. axb4 Qxb4 24. c3 Qd6 25. Ba2 Nd7 26. Re6 Qg3 27.
Rxc6 Qxg2 28. Rc7 Rf1+ 29. Rxf1 Qxf1+ 30. Kc2 Qe2+ 31. Qd2 Qe4+ 32. Qd3 Qxd3+
33. Kxd3 Nc5+ 34. Rxc5 h5 35. Rxa5 h4 36. Rg5 Kh7 37. Ke4 Kh6 38. Kf4 Rb7 39.
b4 Ra7 40. Be6 Ra1 41. Rg2 g5+ 42. Ke3 Kh5 43. d5 Re1+ 44. Kf2 Re5 45. b5 h3
46. Rg3 1-0

[Event "36. Copenhagen Open (Politiken Cup)"]
[Site "Elsinore"]
[Date "2014.07.27"]
[Round "8"]
[White "Pedersen, Henrik Bolding"]
[Black "Le Roux, Jean Pierre"]
[Result "0-1"]
[WhiteElo "2134"]
[BlackElo "2560"]
[PlyCount "72"]
[EventDate "2014.07.21"]
[EventType "swiss"]
[EventRounds "10"]
[EventCountry "DEN"]
[Source "ChessBase"]
[SourceDate "2014.08.29"]

1. e4 c6 2. Nc3 d5 3. Nf3 Bg4 4. h3 Bxf3 5. Qxf3 Nf6 6. d3 e6 7. Bd2 Bb4 8. e5
Nfd7 9. Qg4 Bf8 10. f4 c5 11. O-O-O Nc6 12. f5 Ndxe5 13. Qh5 g6 14. fxg6 fxg6
15. Qe2 Bg7 16. g4 Nd4 17. Qe3 O-O 18. Bg2 Ndf3 19. Qe2 Nxd2 20. Qxd2 Qh4 21.
Kb1 Rf2 22. Qe1 Raf8 23. Rg1 Qf6 24. Rf1 Rxf1 25. Qxf1 Qd8 26. Qg1 Qb6 27. Na4
Qb4 28. b3 b6 29. Qe3 Qd4 30. Qxd4 cxd4 31. Rf1 g5 32. Kc1 Rc8 33. Kb1 Ng6 34.
Re1 Kf7 35. Nb2 Nf4 36. Bf1 Bf8 0-1

[Event "36. Copenhagen Open (Politiken Cup)"]
[Site "Elsinore"]
[Date "2014.07.27"]
[Round "8"]
[White "Petersen, Tom Petri"]
[Black "Cornette, Matthieu"]
[Result "0-1"]
[WhiteElo "2334"]
[BlackElo "2532"]
[PlyCount "54"]
[EventDate "2014.07.21"]
[EventType "swiss"]
[EventRounds "10"]
[EventCountry "DEN"]
[Source "ChessBase"]
[SourceDate "2014.08.29"]

1. Nf3 d5 2. g3 c5 3. Bg2 Nc6 4. O-O Nf6 5. d3 Bg4 6. Nbd2 e6 7. e4 Be7 8. Re1
O-O 9. h3 Bh5 10. g4 Bg6 11. Nh4 dxe4 12. Nxg6 hxg6 13. Nxe4 Nd5 14. Nc3 Nxc3
15. bxc3 Bf6 16. Bd2 Rc8 17. Rb1 b6 18. Re4 g5 19. Qe2 e5 20. Ra4 Qe7 21. Bd5
Qd7 22. Qf3 Ne7 23. Bb3 b5 24. Ra6 c4 25. h4 cxb3 26. axb3 gxh4 27. g5 e4 0-1

[Event "36. Copenhagen Open (Politiken Cup)"]
[Site "Elsinore"]
[Date "2014.07.27"]
[Round "8"]
[White "Philipsen, William Horup"]
[Black "Nielsen, Palle"]
[Result "1-0"]
[WhiteElo "1951"]
[BlackElo "1771"]
[PlyCount "83"]
[EventDate "2014.07.21"]
[EventType "swiss"]
[EventRounds "10"]
[EventCountry "DEN"]
[Source "ChessBase"]
[SourceDate "2014.08.29"]

1. e4 c5 2. d4 e6 3. d5 d6 4. dxe6 Bxe6 5. Nc3 Nf6 6. e5 dxe5 7. Qxd8+ Kxd8 8.
Nf3 Nc6 9. Bg5 h6 10. O-O-O+ Ke8 11. Nb5 Rc8 12. Bh4 a6 13. Nc3 c4 14. Be2 b5
15. a4 Bb4 16. axb5 axb5 17. Nxb5 Ke7 18. c3 Bc5 19. Rhe1 Ra8 20. Bxc4 Bxc4 21.
Nxe5 Nxe5 22. Rxe5+ Be6 23. Bxf6+ Kxf6 24. Rxc5 Ra1+ 25. Kd2 Rd8+ 26. Nd4 Ra2
27. Rb1 Bd5 28. f3 g5 29. g4 Kg6 30. Ke3 h5 31. h3 hxg4 32. hxg4 Ra7 33. Kf2
Rad7 34. b4 Rh8 35. b5 f6 36. b6 Rb8 37. Nf5 Be6 38. Nd4 Bd5 39. Rbb5 Bb7 40.
Rc7 Rd6 41. Nf5 Re6 42. Rg7# 1-0

[Event "36. Copenhagen Open (Politiken Cup)"]
[Site "Elsinore"]
[Date "2014.07.27"]
[Round "8"]
[White "Rasmussen, Morten(1956)"]
[Black "Undheim, Bjarne"]
[Result "1-0"]
[WhiteElo "1861"]
[BlackElo "1870"]
[PlyCount "45"]
[EventDate "2014.07.21"]
[EventType "swiss"]
[EventRounds "10"]
[EventCountry "DEN"]
[Source "ChessBase"]
[SourceDate "2014.08.29"]

1. d4 d5 2. Bg5 Nc6 3. Nf3 Nf6 4. e3 Ne4 5. Bh4 Bg4 6. Be2 Qd7 7. Nbd2 Nxd2 8.
Qxd2 e6 9. Bg3 Bd6 10. Ne5 Bxe5 11. Bxg4 Bxg3 12. hxg3 Qd6 13. c3 e5 14. dxe5
Nxe5 15. Qd4 f6 16. Be2 c5 17. Qa4+ Nc6 18. Bh5+ Ke7 19. O-O-O Rab8 20. Bf3 d4
21. exd4 Rhd8 22. Bxc6 bxc6 23. Qxa7+ 1-0

[Event "36. Copenhagen Open (Politiken Cup)"]
[Site "Elsinore"]
[Date "2014.07.27"]
[Round "8"]
[White "Rewitz, Poul"]
[Black "Schmied, Andreas"]
[Result "1-0"]
[WhiteElo "2218"]
[BlackElo "2018"]
[PlyCount "77"]
[EventDate "2014.07.21"]
[EventType "swiss"]
[EventRounds "10"]
[EventCountry "DEN"]
[Source "ChessBase"]
[SourceDate "2014.08.29"]

1. d4 d5 2. c4 c6 3. Nc3 Nf6 4. Bg5 Nbd7 5. e3 h6 6. Bh4 e6 7. cxd5 exd5 8. Bd3
Bd6 9. Nge2 O-O 10. g4 Re8 11. Qc2 Nf8 12. O-O-O Bxg4 13. Rhg1 Bxe2 14. Qxe2
Be7 15. Bxf6 Bxf6 16. Qh5 Ng6 17. Bxg6 fxg6 18. Rxg6 Kf8 19. Rdg1 Qd6 20. Qg4
Qe6 21. Rxg7 Qxg4 22. R7xg4 Kf7 23. Kd2 h5 24. R4g2 b5 25. Ne2 c5 26. dxc5 Bxb2
27. Rb1 Ba3 28. Rxb5 Reb8 29. Rxb8 Rxb8 30. Nf4 Bxc5 31. Nd3 Be7 32. Rg1 h4 33.
h3 Rb6 34. Rg4 Ra6 35. a4 Bf6 36. Rb4 Kg6 37. Nf4+ Kf5 38. Nxd5 Rd6 39. e4+ 1-0

[Event "36. Copenhagen Open (Politiken Cup)"]
[Site "Elsinore"]
[Date "2014.07.27"]
[Round "8"]
[White "Riis, Jens"]
[Black "Beshukov, Sergei"]
[Result "0-1"]
[WhiteElo "2172"]
[BlackElo "2423"]
[PlyCount "110"]
[EventDate "2014.07.21"]
[EventType "swiss"]
[EventRounds "10"]
[EventCountry "DEN"]
[Source "ChessBase"]
[SourceDate "2014.08.29"]

1. g3 c5 2. c4 g6 3. Nc3 Bg7 4. Bg2 Nc6 5. Nf3 Nh6 6. O-O d6 7. Rb1 O-O 8. a3
a5 9. d3 Nf5 10. Nb5 Bd7 11. Bd2 Qc8 12. b4 axb4 13. axb4 Nxb4 14. Bxb4 cxb4
15. Rxb4 Ra2 16. e3 Qc5 17. Qb1 Ra1 18. Qb3 Rxf1+ 19. Bxf1 Ra8 20. Ra4 Ra6 21.
d4 Qc8 22. Bg2 d5 23. c5 Rxa4 24. Qxa4 e6 25. Bf1 f6 26. Qa5 Bf8 27. Na7 Qe8
28. Qb6 Bc6 29. Bb5 Bxb5 30. Nxb5 Qc6 31. Qa5 Be7 32. g4 Ng7 33. Na7 Qd7 34. h3
g5 35. Nb5 h5 36. Kg2 hxg4 37. hxg4 Ne8 38. Nd2 Bd8 39. Qb4 b6 40. Nb3 e5 41.
f3 e4 42. Nc3 exf3+ 43. Kxf3 f5 44. cxb6 fxg4+ 45. Ke2 g3 46. b7 g2 47. b8=Q
g1=Q 48. Q4b5 Qf7 49. Kd2 Qff2+ 50. Ne2 Qge1+ 51. Kc2 Qf5+ 52. Kb2 Qfb1+ 53.
Ka3 Be7+ 54. Qc5 Bxc5+ 55. dxc5 Qa5+ 0-1

[Event "36. Copenhagen Open (Politiken Cup)"]
[Site "Elsinore"]
[Date "2014.07.27"]
[Round "8"]
[White "Robertsen, Bjorn"]
[Black "Rasmussen, Henning1"]
[Result "1/2-1/2"]
[WhiteElo "1594"]
[BlackElo "1826"]
[PlyCount "53"]
[EventDate "2014.07.21"]
[EventType "swiss"]
[EventRounds "10"]
[EventCountry "DEN"]
[Source "ChessBase"]
[SourceDate "2014.08.29"]

1. e4 e6 2. d4 d5 3. Nd2 c5 4. exd5 Qxd5 5. Ngf3 cxd4 6. Nb3 Bb4+ 7. Bd2 Bxd2+
8. Qxd2 Nc6 9. Nfxd4 Nxd4 10. Qxd4 Qxd4 11. Nxd4 Bd7 12. Nb5 Bxb5 13. Bxb5+ Ke7
14. O-O-O Nf6 15. Rd3 Rad8 16. Rhd1 a6 17. Ba4 Rxd3 18. Rxd3 Rc8 19. Kd2 Rd8
20. Rxd8 Kxd8 21. c4 a5 22. f3 Kc7 23. Ke3 Kd6 24. g4 h6 25. Bc2 Kc5 26. b3 b6
27. a3 1/2-1/2

[Event "36. Copenhagen Open (Politiken Cup)"]
[Site "Elsinore"]
[Date "2014.07.27"]
[Round "8"]
[White "Rogers, Timothy"]
[Black "Lunde, Sigmund"]
[Result "1-0"]
[WhiteElo "2011"]
[BlackElo "1879"]
[PlyCount "57"]
[EventDate "2014.07.21"]
[EventType "swiss"]
[EventRounds "10"]
[EventCountry "DEN"]
[Source "ChessBase"]
[SourceDate "2014.08.29"]

1. e4 g6 2. d4 Bg7 3. Nc3 e6 4. Be3 d5 5. Qd2 c6 6. Be2 Nd7 7. h4 h5 8. Nh3 Qa5
9. Ng5 dxe4 10. Ngxe4 Qb4 11. O-O-O Ngf6 12. f3 Nd5 13. a3 Qe7 14. Nxd5 exd5
15. Nf2 b5 16. Bd3 Nb6 17. Bg5 Bf6 18. Rde1 Be6 19. Nh3 O-O-O 20. Nf4 Bxg5 21.
hxg5 Nc4 22. Bxc4 dxc4 23. Rxe6 fxe6 24. Nxg6 Qg7 25. Nxh8 Rxd4 26. Qe3 Qxh8
27. Qxe6+ Kb7 28. Qe7+ Kb6 29. Qf6 1-0

[Event "36. Copenhagen Open (Politiken Cup)"]
[Site "Elsinore"]
[Date "2014.07.27"]
[Round "8"]
[White "Romanov, Evgeny"]
[Black "Negi, Parimarjan"]
[Result "0-1"]
[WhiteElo "2643"]
[BlackElo "2645"]
[PlyCount "74"]
[EventDate "2014.07.21"]
[EventType "swiss"]
[EventRounds "10"]
[EventCountry "DEN"]
[Source "ChessBase"]
[SourceDate "2014.08.29"]

1. e4 e5 2. Nf3 Nc6 3. Bb5 Nf6 4. d3 Bc5 5. Bxc6 dxc6 6. O-O Nd7 7. Be3 Bd6 8.
d4 O-O 9. c3 h6 10. Nbd2 exd4 11. Nxd4 Ne5 12. h3 c5 13. Nf5 Bxf5 14. exf5 Qf6
15. Qc2 Rad8 16. Rad1 Rfe8 17. a4 a6 18. b3 b6 19. Bf4 c4 20. bxc4 Nxc4 21.
Nxc4 Bxf4 22. Rxd8 Qxd8 23. Rd1 Qd5 24. Nb2 Bd6 25. c4 Qe4 26. Qxe4 Rxe4 27. g4
Ba3 28. Rd8+ Kh7 29. Nd3 Bd6 30. a5 Rd4 31. Nf4 bxa5 32. Nd5 Rxc4 33. Ne3 Rc1+
34. Kg2 a4 35. f6 gxf6 36. Rd7 a3 37. Rxf7+ Kg8 0-1

[Event "36. Copenhagen Open (Politiken Cup)"]
[Site "Elsinore"]
[Date "2014.07.27"]
[Round "8"]
[White "Rorvik, Jon Fredrik"]
[Black "Liedbeck, Patrik"]
[Result "1/2-1/2"]
[WhiteElo "2151"]
[BlackElo "1858"]
[PlyCount "70"]
[EventDate "2014.07.21"]
[EventType "swiss"]
[EventRounds "10"]
[EventCountry "DEN"]
[Source "ChessBase"]
[SourceDate "2014.08.29"]

1. c4 c5 2. Nc3 Nc6 3. g3 g6 4. Bg2 Bg7 5. e4 e6 6. Nge2 Nge7 7. d3 d6 8. Be3
Nd4 9. O-O O-O 10. Qd2 Nec6 11. f4 f5 12. Rad1 Rb8 13. Bf2 Qd7 14. Nxd4 Nxd4
15. Ne2 Kh8 16. Nxd4 cxd4 17. Rc1 b6 18. b4 Bb7 19. Rfe1 Rfe8 20. Rc2 Rbc8 21.
Rec1 e5 22. fxe5 dxe5 23. c5 bxc5 24. Rxc5 Bf8 25. R5c2 Rxc2 26. Rxc2 fxe4 27.
Bxe4 Bxe4 28. dxe4 Qb7 29. a3 Qxe4 30. Rc7 Re7 31. Rc5 Kg8 32. Qa2+ Rf7 33. Rc7
Qf3 34. Rxa7 Qd1+ 35. Kg2 Qf3+ 1/2-1/2

[Event "36. Copenhagen Open (Politiken Cup)"]
[Site "Elsinore"]
[Date "2014.07.27"]
[Round "8"]
[White "Rose, Dennis Lauge"]
[Black "Johannesen, Lars Peter Meldgaar"]
[Result "1-0"]
[WhiteElo "1839"]
[BlackElo "1711"]
[PlyCount "105"]
[EventDate "2014.07.21"]
[EventType "swiss"]
[EventRounds "10"]
[EventCountry "DEN"]
[Source "ChessBase"]
[SourceDate "2014.08.29"]

1. f4 e6 2. Nf3 b6 3. e3 Bb7 4. b3 Nf6 5. Bb2 d5 6. Nc3 Be7 7. Ne5 c6 8. Bd3
Nbd7 9. Ng4 Qc7 10. Qf3 O-O-O 11. O-O-O a6 12. a4 Nc5 13. Be2 Rhg8 14. Ne5 Bd6
15. Nd3 Nce4 16. g4 Nxc3 17. Bxc3 Ne4 18. Bb2 Qe7 19. Qf1 Ba3 20. g5 Bxb2+ 21.
Nxb2 Qa3 22. Kb1 b5 23. Bd3 Qb4 24. Qe2 Kc7 25. Ka2 bxa4 26. Nxa4 Qa5 27. Kb2
Rd6 28. c3 c5 29. Ra1 Ra8 30. Rhc1 Kd7 31. h4 c4 32. Bxe4 dxe4 33. b4 Qb5 34.
Nc5+ Kc6 35. Ra5 Qb6 36. Kc2 Rad8 37. Rd1 Rd3 38. Na4 Qa7 39. Nb2 Kc7 40. Nxc4
Bc6 41. Rc5 Qb7 42. Na5 Qb5 43. Rxb5 Bxb5 44. Qg2 Ba4+ 45. Nb3 Bxb3+ 46. Kxb3
a5 47. bxa5 Rb8+ 48. Kc2 Rd5 49. Qxe4 Rdb5 50. Qc4+ Kd7 51. Qd4+ Ke7 52. Qxg7
Rb2+ 53. Kd3 1-0

[Event "36. Copenhagen Open (Politiken Cup)"]
[Site "Elsinore"]
[Date "2014.07.27"]
[Round "8"]
[White "Rosenkilde, Alexander"]
[Black "Petersen, Peter Birk"]
[Result "1/2-1/2"]
[WhiteElo "2255"]
[BlackElo "2126"]
[PlyCount "56"]
[EventDate "2014.07.21"]
[EventType "swiss"]
[EventRounds "10"]
[EventCountry "DEN"]
[Source "ChessBase"]
[SourceDate "2014.08.29"]

1. d4 g6 2. c4 Bg7 3. e4 d6 4. Be2 e5 5. Nf3 Nc6 6. d5 Nce7 7. Nc3 h6 8. Nd2 f5
9. exf5 Nxf5 10. Bd3 Nf6 11. Nde4 O-O 12. Nxf6+ Qxf6 13. O-O Qh4 14. Be4 a6 15.
a4 Nd4 16. Bxg6 Bf5 17. Bxf5 Rxf5 18. Qd3 Raf8 19. Qg3 Qh5 20. Be3 Kh8 21. f3
Nc2 22. Rae1 Nxe1 23. Qxe1 Qg6 24. Kh1 R5f7 25. Rf2 Bf6 26. Qd2 Bg5 27. Ne4
Bxe3 28. Qxe3 Kg7 1/2-1/2

[Event "36. Copenhagen Open (Politiken Cup)"]
[Site "Elsinore"]
[Date "2014.07.27"]
[Round "8"]
[White "Rossen, Claus"]
[Black "Nielsen, Lars Aaes"]
[Result "1/2-1/2"]
[WhiteElo "2123"]
[BlackElo "2257"]
[PlyCount "43"]
[EventDate "2014.07.21"]
[EventType "swiss"]
[EventRounds "10"]
[EventCountry "DEN"]
[Source "ChessBase"]
[SourceDate "2014.08.29"]

1. d4 Nf6 2. c4 e6 3. Nc3 b6 4. Nf3 Bb7 5. Bg5 Be7 6. e3 O-O 7. Be2 c5 8. O-O
cxd4 9. exd4 d5 10. Ne5 dxc4 11. Bxc4 Nc6 12. Be3 Rc8 13. Be2 Nb4 14. Rc1 Nfd5
15. Bd2 Bf6 16. a3 Nc6 17. Nxd5 Bxe5 18. dxe5 Qxd5 19. Bc3 Nd4 20. f3 Nxe2+ 21.
Qxe2 Rfd8 22. Rfd1 1/2-1/2

[Event "36. Copenhagen Open (Politiken Cup)"]
[Site "Elsinore"]
[Date "2014.07.27"]
[Round "8"]
[White "Royset, Pal"]
[Black "Nielsen, Jan Mose"]
[Result "1-0"]
[WhiteElo "2208"]
[BlackElo "2078"]
[PlyCount "41"]
[EventDate "2014.07.21"]
[EventType "swiss"]
[EventRounds "10"]
[EventCountry "DEN"]
[Source "ChessBase"]
[SourceDate "2014.08.29"]

1. e4 c5 2. Nc3 a6 3. g3 b5 4. Bg2 Bb7 5. f4 e6 6. d3 d6 7. Nf3 Nd7 8. O-O Ngf6
9. h3 Qc7 10. g4 g6 11. f5 h6 12. fxe6 fxe6 13. g5 Ng8 14. gxh6 O-O-O 15. Ng5
Re8 16. Nf7 Rh7 17. Ne2 Ndf6 18. Ng5 Rxh6 19. Nf4 e5 20. Nd5 Qd8 21. Nf7 1-0

[Event "36. Copenhagen Open (Politiken Cup)"]
[Site "Elsinore"]
[Date "2014.07.27"]
[Round "8"]
[White "Rydstrom, Tom"]
[Black "Laustsen, Lars"]
[Result "1-0"]
[WhiteElo "2234"]
[BlackElo "2115"]
[PlyCount "103"]
[EventDate "2014.07.21"]
[EventType "swiss"]
[EventRounds "10"]
[EventCountry "DEN"]
[Source "ChessBase"]
[SourceDate "2014.08.29"]

1. e4 c5 2. Nf3 d6 3. d4 cxd4 4. Nxd4 Nf6 5. Nc3 e6 6. Be3 Be7 7. f3 O-O 8. Qd2
Nc6 9. O-O-O d5 10. Be2 Nxd4 11. Bxd4 dxe4 12. fxe4 Nd7 13. Kb1 Bf6 14. Bb5 Ne5
15. Bc5 Qxd2 16. Rxd2 Rd8 17. Rxd8+ Bxd8 18. Rd1 Bf6 19. Bd4 Kf8 20. Bc5+ Kg8
21. Bd6 h5 22. Bxe5 Bxe5 23. Rd8+ Kh7 24. Bd7 Bxd7 25. Rxa8 a6 26. Rd8 Bc6 27.
Rd3 g5 28. g3 Kg6 29. Kc1 f5 30. exf5+ Kxf5 31. Nd1 h4 32. Ne3+ Ke4 33. Nc4 Bc7
34. Kd1 Kf5 35. Ke1 hxg3 36. hxg3 Kg4 37. Kf2 Kh3 38. Nd2 Bb6+ 39. Ke1 Bc7 40.
Kf2 Bb6+ 41. Ke1 Bc7 42. Nf1 g4 43. Re3 e5 44. c4 Bf3 45. Rd3 Ba5+ 46. Kf2 Bb6+
47. Ne3 Bd4 48. b4 Be4 49. Ra3 Bc2 50. b5 axb5 51. cxb5 Be4 52. Ra8 1-0

[Event "36. Copenhagen Open (Politiken Cup)"]
[Site "Elsinore"]
[Date "2014.07.27"]
[Round "8"]
[White "Sajjadi, Kimiya"]
[Black "Christiansen, Torsten Sundgaar"]
[Result "1/2-1/2"]
[WhiteElo "1531"]
[BlackElo "1793"]
[PlyCount "47"]
[EventDate "2014.07.21"]
[EventType "swiss"]
[EventRounds "10"]
[EventCountry "DEN"]
[Source "ChessBase"]
[SourceDate "2014.08.29"]

1. d4 d6 2. c4 f5 3. Bf4 Nf6 4. Nf3 g6 5. Nc3 Bg7 6. e3 c6 7. Bd3 O-O 8. O-O
Nbd7 9. Qd2 Nh5 10. Rfe1 Ndf6 11. h3 Nxf4 12. exf4 d5 13. cxd5 cxd5 14. Ne5 Ne4
15. Qc1 Be6 16. f3 Nxc3 17. bxc3 Rc8 18. Qa3 Qd6 19. Qb3 Rc7 20. Re3 Rfc8 21.
Bf1 Bf6 22. Rae1 Kg7 23. Kh1 Bg8 24. Rc1 1/2-1/2

[Event "36. Copenhagen Open (Politiken Cup)"]
[Site "Elsinore"]
[Date "2014.07.27"]
[Round "8"]
[White "Schandorff, Lars"]
[Black "Haubro, Martin"]
[Result "1-0"]
[WhiteElo "2529"]
[BlackElo "2224"]
[PlyCount "67"]
[EventDate "2014.07.21"]
[EventType "swiss"]
[EventRounds "10"]
[EventCountry "DEN"]
[Source "ChessBase"]
[SourceDate "2014.08.29"]

1. d4 Nf6 2. Nf3 c5 3. d5 e6 4. Nc3 exd5 5. Nxd5 Nxd5 6. Qxd5 Be7 7. Bf4 Nc6 8.
Ne5 O-O 9. Nxc6 bxc6 10. Qd2 d5 11. e3 Bf6 12. Rb1 c4 13. Be2 c3 14. bxc3 Qa5
15. O-O Bf5 16. Bd3 Bxc3 17. Qc1 Be6 18. a3 Rfd8 19. h3 Rac8 20. Rd1 c5 21. Rb7
c4 22. Be2 Qa6 23. Rb1 Rd7 24. Bf3 h6 25. g4 Rcd8 26. Kh2 d4 27. exd4 Bxd4 28.
Bg3 Bb6 29. Rxd7 Rxd7 30. Be4 c3 31. Qf4 Qxa3 32. Rxb6 axb6 33. Qb8+ Qf8 34.
Bh7+ 1-0

[Event "36. Copenhagen Open (Politiken Cup)"]
[Site "Elsinore"]
[Date "2014.07.27"]
[Round "8"]
[White "Schroeder, Jan Christian"]
[Black "Gao, Rui"]
[Result "1/2-1/2"]
[WhiteElo "2370"]
[BlackElo "2529"]
[PlyCount "88"]
[EventDate "2014.07.21"]
[EventType "swiss"]
[EventRounds "10"]
[EventCountry "DEN"]
[Source "ChessBase"]
[SourceDate "2014.08.29"]

1. e4 c5 2. Nf3 d6 3. d4 cxd4 4. Nxd4 Nf6 5. Nc3 a6 6. Be3 e5 7. Nf3 Be7 8. Bc4
O-O 9. O-O Nc6 10. Qe2 Na5 11. Bb3 Be6 12. Rfd1 Qc7 13. Bg5 Rac8 14. Rac1 Nxb3
15. axb3 Nh5 16. Bd2 g6 17. Bh6 Rfe8 18. Qd2 b5 19. Nd5 Bxd5 20. exd5 Qb7 21.
c4 Nf6 22. Be3 Ne4 23. Qe2 bxc4 24. bxc4 Nc5 25. Rb1 a5 26. Nd2 Qb4 27. b3 f5
28. g4 Kh8 29. Kh1 Qc3 30. gxf5 gxf5 31. Qh5 Rf8 32. Rg1 Nd3 33. Rg3 Rg8 34.
Qxf5 Rxg3 35. fxg3 Rf8 36. Qe6 Nf2+ 37. Kg2 Qxe3 38. Qxe7 Kg8 39. Qe6+ Kg7 40.
Rf1 Rf6 41. Qe7+ Rf7 42. Qe6 Rf6 43. Qe7+ Rf7 44. Qe6 Rf6 1/2-1/2

[Event "36. Copenhagen Open (Politiken Cup)"]
[Site "Elsinore"]
[Date "2014.07.27"]
[Round "8"]
[White "Seegers, Hendrik"]
[Black "Brouwer, Rein"]
[Result "1-0"]
[WhiteElo "2196"]
[BlackElo "2035"]
[PlyCount "117"]
[EventDate "2014.07.21"]
[EventType "swiss"]
[EventRounds "10"]
[EventCountry "DEN"]
[Source "ChessBase"]
[SourceDate "2014.08.29"]

1. d4 Nf6 2. Nf3 e6 3. Bf4 c5 4. c3 Nc6 5. e3 Nh5 6. Bg3 Qb6 7. b3 d5 8. Bd3
cxd4 9. exd4 Nxg3 10. hxg3 g6 11. Nbd2 Bg7 12. Rc1 O-O 13. Nf1 e5 14. dxe5 Bg4
15. Qd2 Bxf3 16. gxf3 Nxe5 17. Be2 Rfe8 18. Ne3 Rad8 19. O-O d4 20. cxd4 Rxd4
21. Qc2 Nc6 22. f4 Rd7 23. Bg4 Rd4 24. Bf3 Rc8 25. Qc5 Qxc5 26. Rxc5 Rd2 27.
Nc4 Rc2 28. Rd1 Bf8 29. Rcd5 Ne7 30. R5d2 Rxd2 31. Rxd2 b5 32. Ne5 a5 33. Rd7
a4 34. Be2 axb3 35. axb3 Rb8 36. Ra7 Nf5 37. Nd7 Rc8 38. Bxb5 Nd6 39. Be2 Rd8
40. Ne5 Bg7 41. Bf3 Bxe5 42. fxe5 Nb5 43. Ra8 Rxa8 44. Bxa8 Kf8 45. Bd5 Ke7 46.
f4 f6 47. Kf2 fxe5 48. fxe5 Nc3 49. Bg8 h6 50. Ke3 Nb5 51. Bc4 Nc7 52. b4 Na8
53. Kd4 h5 54. Kc5 Kd7 55. Bf7 Nc7 56. Bxg6 Na6+ 57. Kc4 Nxb4 58. Kxb4 h4 59.
Bf5+ 1-0

[Event "36. Copenhagen Open (Politiken Cup)"]
[Site "Elsinore"]
[Date "2014.07.27"]
[Round "8"]
[White "Semcesen, Daniel"]
[Black "Rapport, Richard"]
[Result "0-1"]
[WhiteElo "2471"]
[BlackElo "2701"]
[PlyCount "70"]
[EventDate "2014.07.21"]
[EventType "swiss"]
[EventRounds "10"]
[EventCountry "DEN"]
[Source "ChessBase"]
[SourceDate "2014.08.29"]

1. d4 d6 2. Nf3 Nf6 3. c4 Nc6 4. Nc3 e5 5. Bg5 h6 6. Bh4 exd4 7. Nxd4 g5 8. Bg3
Bg7 9. e3 O-O 10. Be2 Re8 11. Nxc6 bxc6 12. Qc2 Rb8 13. Rb1 Bd7 14. O-O c5 15.
Rfd1 Bc6 16. Bd3 h5 17. h4 Ng4 18. hxg5 Qxg5 19. Bf4 Qh4 20. Bg3 Qf6 21. Rd2
Bh6 22. Nd5 Bxd5 23. cxd5 h4 24. Bh2 Rxe3 25. Re2 Re7 26. Rxe7 Qxe7 27. Qe2
Qxe2 28. Bxe2 Nf6 29. Bc4 Ne4 30. Re1 Nd2 31. b3 Nxc4 32. bxc4 Rb4 33. Kf1 Rxc4
34. Re7 Rc1+ 35. Ke2 Rh1 0-1

[Event "36. Copenhagen Open (Politiken Cup)"]
[Site "Elsinore"]
[Date "2014.07.27"]
[Round "8"]
[White "Skjoldager, Per"]
[Black "Olsarova, Tereza"]
[Result "0-1"]
[WhiteElo "2131"]
[BlackElo "2251"]
[PlyCount "74"]
[EventDate "2014.07.21"]
[EventType "swiss"]
[EventRounds "10"]
[EventCountry "DEN"]
[Source "ChessBase"]
[SourceDate "2014.08.29"]

1. e4 e5 2. Nf3 Nc6 3. Bc4 Bc5 4. c3 Nf6 5. d3 a6 6. Bb3 Ba7 7. h3 d6 8. Nbd2
O-O 9. Nf1 d5 10. Qe2 dxe4 11. dxe4 Nh5 12. Ng5 g6 13. g3 Na5 14. Bc2 f6 15.
Nf3 Be6 16. b4 Nc6 17. Bh6 Re8 18. Ne3 Qd7 19. Rd1 Qf7 20. Nd5 Nd8 21. Be3 Bxe3
22. Qxe3 Rc8 23. a4 c6 24. Nb6 Rc7 25. Kf1 Qf8 26. Kg2 Nf7 27. Qc5 Qh6 28. Rd2
Rce7 29. Qe3 Qg7 30. Nh4 Ng5 31. c4 Qh6 32. c5 Rf7 33. f4 exf4 34. gxf4 Nxh3
35. Rxh3 Nxf4+ 36. Kf3 Qh5+ 37. Kxf4 Qg4# 0-1

[Event "36. Copenhagen Open (Politiken Cup)"]
[Site "Elsinore"]
[Date "2014.07.27"]
[Round "8"]
[White "Skou, Niels"]
[Black "Smirnov, Anton"]
[Result "0-1"]
[WhiteElo "2141"]
[BlackElo "2334"]
[PlyCount "50"]
[EventDate "2014.07.21"]
[EventType "swiss"]
[EventRounds "10"]
[EventCountry "DEN"]
[Source "ChessBase"]
[SourceDate "2014.08.29"]

1. d4 d5 2. Nf3 Nf6 3. c4 c6 4. e3 Bg4 5. Qb3 Qb6 6. Nc3 e6 7. Ne5 Bf5 8. Be2
Nbd7 9. Nxd7 Nxd7 10. Bd2 Be7 11. O-O O-O 12. Qxb6 axb6 13. f3 Bg6 14. Rfd1
Rfd8 15. Kf2 dxc4 16. Bxc4 e5 17. d5 b5 18. Bb3 Nc5 19. e4 b4 20. Ne2 Nxb3 21.
axb3 cxd5 22. exd5 Rxa1 23. Rxa1 f6 24. Ra5 b6 25. Rb5 Bd3 0-1

[Event "36. Copenhagen Open (Politiken Cup)"]
[Site "Elsinore"]
[Date "2014.07.27"]
[Round "8"]
[White "Smerdon, David"]
[Black "Salomon, Johan"]
[Result "1-0"]
[WhiteElo "2519"]
[BlackElo "2346"]
[PlyCount "127"]
[EventDate "2014.07.21"]
[EventType "swiss"]
[EventRounds "10"]
[EventCountry "DEN"]
[Source "ChessBase"]
[SourceDate "2014.08.29"]

1. d4 Nf6 2. Bg5 d5 3. Bxf6 gxf6 4. c4 e5 5. Nc3 dxc4 6. dxe5 Qxd1+ 7. Rxd1
fxe5 8. Nf3 Bd6 9. e3 Nd7 10. Bxc4 Nb6 11. Bb3 Rg8 12. Ne4 Ke7 13. Nfg5 Rg7 14.
Nxd6 cxd6 15. Nxf7 Rxf7 16. Bxf7 Kxf7 17. Rxd6 Be6 18. b3 Nd5 19. e4 Nc3 20.
O-O Nxa2 21. f4 exf4 22. Rxf4+ Ke7 23. e5 Nc3 24. Rh4 Bf5 25. Rf6 Bg6 26. Rc4
Nb5 27. Rb4 Bd3 28. Rg4 Bg6 29. Rb4 Bd3 30. Rg4 Bg6 31. h4 Rf8 32. Rb4 Bd3 33.
Kf2 Rxf6+ 34. exf6+ Kxf6 35. Ke3 a5 36. Rf4+ Ke5 37. Rg4 Bf5 38. Rg5 Kf6 39. g4
Bd7 40. Rd5 Bc6 41. Rf5+ Kg7 42. Rg5+ Kf7 43. h5 Kf6 44. Rf5+ Kg7 45. g5 Be8
46. Re5 Kf8 47. h6 b6 48. g6 Bxg6 49. Rxb5 a4 50. b4 a3 51. Rxb6 a2 52. Ra6 Bf7
53. Kd4 Ke7 54. Ke5 Kd7 55. Kf6 Bc4 56. Ra5 Kc6 57. Kg7 Bd3 58. Rxa2 Kb5 59.
Ra8 Kxb4 60. Rh8 Kc5 61. Rxh7 Bxh7 62. Kxh7 Kd6 63. Kg7 Ke7 64. h7 1-0